00631nam a22002177a 450000500170000001000140001702000180003102000230004903500130007203700130008508200100009810000240010824500850013225000110021726000480022827000100027630000330028650000500031970000230036970000210039220100724141056.0 aENG-96672 a9780070681200 a0070681201c375.00 aEN-80205 bDBAD/PUB a629.8 aDistefano, Joseph J aControl systems /cby Joseph J Distefano, Allen R Stubberud and Ivan J Williams  a3rd ed aNew DelhibTata McGraw Hill Educationc2010 bDelhi avarious pagingsc24cm. (pbk) aincludes bibliographical references and index aStubberud, Allen R aWilliams, Ivan J